000 00679nam a2200253Ia 4500
005 20260121160606.0
008 008 260114s9999 xx 000 0 eng d
020 _a9781315659121
037 _aEBOOK
040 _aCRL
040 _beng
040 _cCRL
041 _2eng
041 _aeng
084 _qCRL
100 _a Maria Francesca Freda; Jos‚ Gonz lez-Monteagudo; Giovanna Esposito
_91033862
245 0 _aWorking with Underachieving Students in Higher Education
260 _bTaylor and Francis
260 _c2017
856 _uhttp://www.taylorfrancis.com/books/9781315659121
942 _cEBOOK
999 _c1600678
_d1600678